[Event "Charlotte Open 2020"]
[Site "Charlotte"]
[Date "2020.01.04"]
[Round "5.11"]
[White "Song, Edward"]
[Black "Cezila Jr, Rubens"]
[Result "1/2-1/2"]
[WhiteElo "2411"]
[BlackElo "2239"]
[Annotator "TA"]
[PlyCount "124"]
[EventDate "2020.01.02"]
[EventType "swiss"]
[EventCountry "USA"]
[SourceTitle "playchess.com"]
[Source "ChessBase"]
[SourceQuality "1"]

{[%evp 15,124,31,63,48,34,38,53,40,50,21,62,26,13,8,16,0,48,36,70,70,61,58,77,70,128,76,112,132,131,116,61,-7,0,-58,-52,-54,-50,-35,-43,-55,-53,-72,-74,-104,-118,-91,-38,-54,-53,-35,-1,-114,-141,-164,-50,-50,-52,-58,-50,-56,-53,-56,-56,-56,-56,-44,-44,-55,-55,-54,-28,-137,-177,-173,-175,-163,-82,-79,0,0,0,-44,-44,-69,-70,-59,-56,-68,-46,-45,0,0,0,0,0,0,0,0,0,0,0,0,0,0,0,0,0,0,0,0,0]} 1. e4 c5 2. Nf3 d6 3. d4 cxd4 4. Nxd4 Nf6 5. Nc3 a6 6. h3 e6 7. g4 h6 8. Bg2 g5 9. b3 {B81: Sicilian Scheveningen: Keres Attack} Nbd7 10. Bb2 Ne5 11. Qd2 {White is slightly better.} b5 (11... Be7 12. O-O-O Bd7 13. Nce2 b5 14. f4 gxf4 15. Nxf4 a5 16. Rhe1 {0-1 (37) Grischuk,A (2766)-Duda,J (2737) chess.com INT 2018}) 12. O-O-O Bb7 13. f4 gxf4 14. Qxf4 Nfd7 15. Kb1 {[#]} Rc8 $146 ({Predecessor:} 15... Qc7 16. Rhf1 O-O-O {½-½ (29) Predojevic,B (2624)-Volokitin,A (2661) Vrnjacka Banja 2010}) 16. Nce2 Qc7 17. Ng3 Rg8 18. Rhf1 Rg6 19. Nh5 Qc5 (19... Be7 $14) 20. Qf2 (20. Rf2 $142 $1) 20... a5 21. Nf4 $1 {[%cal Rf4g6]} Rf6 22. Qe2 $1 b4 23. Nd3 (23. h4 $14) 23... Nxd3 $1 $11 24. cxd3 (24. Qxd3 $11 Rxf1 25. Bxf1) 24... Rxf1 $15 25. Bxf1 Qb6 26. Nf3 {[#]} a4 $1 {[%mdl 512]} 27. Nd2 (27. bxa4 Qa6) 27... axb3 28. Nxb3 Ra8 29. d4 Qa7 30. Nc1 Qa4 ({Black should try} 30... d5 $17 31. Qb5 dxe4) 31. d5 e5 32. Re1 Be7 {With the idea ...Bh4.} (32... Ba6 $5 {[%cal Ra6e2]} 33. Qc2 Qxc2+ 34. Kxc2 Bxf1 35. Rxf1 Rc8+ 36. Kd2 Nc5 $15) 33. Qf2 (33. Qb5 $11 {was the only way to keep the balance.} Qxb5 34. Bxb5) 33... Bg5 $17 34. Bc4 Rc8 ({Better is} 34... Ba6 $19 35. Bxa6 Qxa6) 35. Qe2 $15 Ke7 36. Bb5 Qa5 37. Nb3 Qb6 $1 38. Bc1 Bxc1 39. Rxc1 Rxc1+ 40. Kxc1 Nf6 41. Bd3 Bc8 42. Qe1 Ba6 43. Qe2 (43. Bc2 $11 {keeps the balance.}) 43... Bxd3 44. Qxd3 Qg1+ 45. Kc2 {[#]} Qh1 (45... Qa7 $1 $19 {[%cal Ra7a2]} 46. Kb1 Qf2) 46. Nd2 $17 {[#]} Qa1 (46... Nd7 $1 $17) 47. Qc4 $11 Nd7 48. Qxb4 Qxa2+ 49. Kd1 Nc5 50. Qc3 Qa4+ 51. Kc1 Qa6 {Hoping for ...Qe2.} (51... Kd8 {keeps more tension.} 52. Qf3 Qa1+ 53. Kc2 Ke7 54. Qe3 Ke8) 52. Kd1 Qd3 53. Qxd3 {The position is equal.} Nxd3 {[%mdl 4096] Endgame KN-KN} 54. Ke2 Nf4+ {[%mdl 64] Double Attack} 55. Ke3 Nxh3 56. Nf3 Nf4 57. Nh4 h5 58. Nf5+ Kd7 59. gxh5 Nxh5 60. Kf3 Nf6 61. Nh6 Ke7 62. Nf5+ Kd7 {Accuracy: White = 55%, Black = 59%.} 1/2-1/2

[Event "Charlotte Open 2020"]
[Site "Charlotte"]
[Date "2020.01.04"]
[Round "5.12"]
[White "Wheeler, Cameron"]
[Black "Yanayt, Eugene"]
[Result "1-0"]
[WhiteElo "2383"]
[BlackElo "2216"]
[Annotator "TA"]
[PlyCount "73"]
[EventDate "2020.01.02"]
[EventType "swiss"]
[EventCountry "USA"]
[SourceTitle "playchess.com"]
[Source "ChessBase"]
[SourceQuality "1"]

{[%evp 13,73,32,39,23,34,18,44,8,14,2,4,1,6,25,21,0,0,16,16,8,77,64,177,177,260,262,289,283,261,163,212,166,174,149,120,135,114,111,217,239,230,235,218,208,318,319,318,316,380,377,551,547,542,521,504,400,398,412,389,384,691,496]} 1. d4 Nf6 2. c4 c5 3. d5 e6 4. Nc3 exd5 5. cxd5 d6 6. Nf3 g6 7. Bf4 Bg7 8. h3 {A61: Modern Benoni: Nf3 without early e4} O-O 9. e3 Na6 10. Be2 {White is slightly better.} (10. Bxa6 $5 bxa6 11. Rc1 $11) 10... Nc7 11. O-O a6 12. a4 Rb8 13. e4 Re8 $1 14. e5 $36 {[%mdl 2048] White fights for an advantage.} Nh5 15. Bh2 $146 ({Predecessor:} 15. Bg5 f6 16. exd6 Qxd6 {0-1 (44) Kashlinskaya,A (2450)-Hou,Y (2635) Novi Sad 2016}) 15... dxe5 16. d6 Na8 (16... Ne6 $11) 17. Qd2 $16 {[%mdl 1024] White has strong compensation.} f6 (17... Bd7 $14) 18. Rfd1 $18 {And now d7 would win.} Be6 (18... Qd7 {might work better.} 19. Qd5+ Kh8) 19. Ne4 c4 20. Nc5 Bf7 21. Qb4 Nb6 22. d7 Re7 {[%cal Rb6d7]} 23. Nxb7 Rxb7 {[#]} 24. Qxe7 $1 {[%mdl 512]} Qxe7 25. d8=Q+ Qxd8 (25... Bf8 $16) 26. Rxd8+ Bf8 27. a5 Nd7 28. Nd2 Ng7 (28... Nc5 $142 29. Nxc4 Ng7) 29. Ne4 ({Weaker is} 29. Bxc4 Nc5 $16) (29. Nxc4 Ne6 $16) 29... Ne8 30. Bf3 {Threatens to win with Nxf6+!} Rc7 31. Rd1 Nc5 {[#]} (31... f5 {was worth a try.} 32. R1xd7 Rxd7 33. Rxd7 fxe4) 32. Nxf6+ $1 {[%mdl 576] Remove Defender, Decoy} Nxf6 33. Bxe5 {[%mdl 64] Double Attack} Ne6 34. Bxf6 Nxd8 35. Rxd8 Be6 36. Be5 Rc5 $2 {[#]} (36... Rf7 37. Ra8 Rf5) 37. Rxf8+ $1 {[%mdl 576] Remove Defender. Accuracy: White = 80%, Black = 46%.} 1-0

[Event "Charlotte Open 2020"]
[Site "Charlotte"]
[Date "2020.01.04"]
[Round "5.13"]
[White "Peng, Shunkai"]
[Black "Mulyar, Michael"]
[Result "1/2-1/2"]
[WhiteElo "2315"]
[BlackElo "2380"]
[Annotator "TA"]
[PlyCount "103"]
[EventDate "2020.01.02"]
[EventType "swiss"]
[EventCountry "USA"]
[SourceTitle "playchess.com"]
[Source "ChessBase"]
[SourceQuality "1"]

{[%evp 24,103,30,33,24,19,23,20,31,14,14,14,0,7,12,19,17,0,0,0,0,0,0,0,18,22,8,8,8,8,5,8,16,14,55,0,0,0,0,0,0,0,0,0,0,0,0,0,0,0,0,0,8,8,8,8,0,0,3,8,26,26,26,26,26,26,26,26,26,26,26,8,25,8,8,8,26,26,26,26,26,26]} 1. e4 e5 2. Nf3 Nc6 3. Bb5 a6 4. Ba4 Nf6 5. O-O b5 6. Bb3 Bc5 7. a4 Rb8 8. c3 d6 9. d4 Bb6 10. axb5 axb5 11. Na3 O-O 12. Nxb5 Bg4 13. Bc2 Bxf3 {C78: Ruy Lopez: Archangelsk and Möller Defences} 14. gxf3 Nh5 15. f4 Qh4 {The position is equal.} 16. Qf3 Nxf4 17. Bxf4 exf4 18. Kh1 {With the idea e5.} Ne7 {[#]} 19. b4 $146 ({Predecessor:} 19. Na3 c5 20. d5 Ng6 21. Nc4 {0-1 (41) Kasimdzhanov,R (2690)-Anand,V (2801) Moscow 2007}) 19... Ng6 20. Na7 Bxa7 21. Rxa7 c5 22. bxc5 dxc5 23. e5 cxd4 24. cxd4 Qd8 $132 {[%mdl 2048] Black is not holding back} 25. Rd1 Rb2 26. Bxg6 hxg6 27. Qxf4 Qd5+ 28. Kg1 Rfb8 29. e6 (29. Re7 $14) 29... Qxe6 $11 30. d5 Qf6 31. Qxf6 gxf6 {[%mdl 4096] Endgame KRR-KRR} 32. Kg2 R8b7 33. Rxb7 Rxb7 {KR-KR} 34. d6 Rd7 35. Kf3 {[#] Hoping for Ke4.} f5 36. Kf4 {aiming for Ke5.} f6 37. h4 $1 Kf7 38. h5 gxh5 39. Kxf5 h4 40. f4 h3 41. Rd2 h2 42. Rxh2 {[#] White threatens Rh7+ and mate.} Rxd6 43. Rh7+ Kf8 44. Kg6 f5+ $1 45. Kg5 Ra6 46. Rc7 Rb6 47. Rc5 Ra6 48. Rxf5+ Kg7 49. Rb5 Rc6 50. Rb7+ {White has an edge.} Kf8 51. f5 Ra6 52. Rc7 {Accuracy: White = 77%, Black = 74%.} 1/2-1/2

[Event "Charlotte Open 2020"]
[Site "Charlotte"]
[Date "2020.01.04"]
[Round "5.14"]
[White "Venkat, Raghav"]
[Black "Tokhirjonova, Gulrukhbegim"]
[Result "1/2-1/2"]
[WhiteElo "2141"]
[BlackElo "2421"]
[Annotator "TA"]
[PlyCount "78"]
[EventDate "2020.01.02"]
[EventType "swiss"]
[EventCountry "USA"]
[SourceTitle "playchess.com"]
[Source "ChessBase"]
[SourceQuality "1"]

{[%evp 19,78,-14,-16,-16,0,0,5,0,14,0,49,0,0,0,0,0,-1,-27,0,0,0,0,0,0,-7,-2,0,0,0,0,0,0,0,0,0,0,0,0,0,0,0,0,0,0,0,0,0,0,0,0,0,0,0,-4,0,0,0,0,0,0,50]} 1. d4 Nf6 2. c4 e6 3. Nc3 Bb4 4. e3 O-O 5. Bd3 d5 6. Nge2 c5 7. O-O dxc4 8. Bxc4 cxd4 9. exd4 Nc6 10. Bg5 Be7 11. Bb3 {E48: Nimzo-Indian: Rubinstein: 5 Bd3 d5 including 6 Ne2, but excluding 6 a3} (11. a3 Nd5 12. Bxe7 Ncxe7 13. Re1 b6 14. Bxd5 Nxd5 15. Nxd5 Qxd5 16. Nc3 Qg5 17. Qf3 Rb8 18. Rad1 Bb7 19. Qg3 Qxg3 20. hxg3 {1-0 (46) Rakhmanov,A (2654)-Sarana,A (2543) Sochi 2017}) 11... Qa5 $146 ({Predecessor:} 11... b6 12. Qd3 Bb7 13. Rfd1 Nb4 14. Qh3 Nbd5 15. Bc2 Rc8 16. Rac1 g6 17. Bh6 Re8 18. Nxd5 Qxd5 {½-½ (43) Sage,F (2456)-Chiru,I (2406) ICCF email 2005}) 12. Qd2 Rd8 13. Rfd1 b6 14. d5 Ba6 15. Nd4 Nxd4 16. Qxd4 h6 17. Bh4 exd5 $1 18. Qe5 (18. Re1 {is more complex.} Bc5 19. Qd1 Rd6 20. a3 Ne4 21. Nxd5 Bb7 22. Rxe4 Bxd5 23. Bxd5 Rxd5 24. Qf3) 18... Qc5 {Strongly threatening ...d4.} (18... Re8 {seems wilder.} 19. Nxd5 Nxd5 20. Rxd5 Bc5 21. Qc3 Qxc3 22. bxc3 g5) 19. Nxd5 {The position is equal.} Nxd5 20. Rxd5 Rxd5 21. Qxd5 Qxd5 22. Bxd5 Rd8 23. Bxe7 Rxd5 $11 {[%mdl 4096] Endgame KRB-KRB} 24. Bb4 Bc4 25. h3 f6 26. a3 Kf7 27. Rc1 Bb5 28. Rc7+ Rd7 29. Rxd7+ Bxd7 {KB-KB} 30. Bd6 h5 31. Bb8 a6 32. Bc7 b5 33. Ba5 Ke6 34. Kf1 Bc6 35. g3 Bf3 36. Ke1 g5 37. h4 Ke5 38. Kd2 Ke4 39. Bd8 Ke5 {Accuracy: White = 79%, Black = 57%.} 1/2-1/2

[Event "Charlotte Open 2020"]
[Site "Charlotte"]
[Date "2020.01.04"]
[Round "5.15"]
[White "Guo, Arthur"]
[Black "Beradze, Irakli"]
[Result "1-0"]
[WhiteElo "2301"]
[BlackElo "2487"]
[Annotator "RC"]
[PlyCount "175"]
[EventDate "2020.01.02"]
[EventType "swiss"]
[EventCountry "USA"]
[SourceTitle "playchess.com"]
[Source "ChessBase"]
[SourceQuality "1"]
[TimeControl "6000+30"]

1. e4 {[%emt 1:40:30]} e5 {[%emt 1:40:30]} 2. Nf3 {[%emt 0:00:30]} Nc6 {[%emt 0:00:30]} 3. Bb5 {[%emt 0:00:30]} a6 {[%emt 0:00:30]} 4. Ba4 {[%emt 0:00:30]} Nf6 {[%emt 0:00:30]} 5. O-O {[%emt 0:00:30]} b5 {[%emt 0:00:30]} 6. Bb3 {[%emt 0:00:30]} Be7 {[%emt 0:00:30]} 7. Re1 {[%emt 0:00:30]} O-O {[%emt 0:00:30]} 8. d3 {[%emt 0:00:30]} d6 {[%emt 0:00:30]} 9. Bd2 {[%emt 0:00:30]} Re8 {[%emt 0:00:30]} 10. Ng5 {[%emt 0:00:30]} Rf8 {[%emt 0:00:30]} 11. c3 {[%emt 0:00:30]} h6 {[%emt 0:00:30]} 12. Nf3 {[%emt 0:00:30]} Re8 {[%emt 0:00:30]} 13. h3 {[%emt 0:00:30]} Bf8 {[%emt 0:00:30]} 14. a4 {[%emt 0:00:30]} Rb8 {[%emt 0:00:30]} 15. axb5 {[%emt 0:00:30]} axb5 {[%emt 0:00:30]} 16. Na3 {[%emt 0:00:30]} Na5 {[%emt 0:00:30]} 17. Ba2 {[%emt 0:00:30]} c5 {[%emt 0:00:30]} 18. Nc2 {[%emt 0:00:30]} c4 {[%emt 0:00:30]} 19. Nb4 {[%emt 0:00:30]} cxd3 {[%emt 0:00:30]} 20. Qb1 {[%emt 0:00:30]} Qc7 {[%emt 0:00:30]} 21. Nd5 {[%emt 0:00:30]} Nxd5 {[%emt 0:00:30]} 22. Bxd5 {[%emt 0:00:30]} Nc4 {[%emt 0:00:30]} 23. Be3 {[%emt 0:00:30]} Be6 {[%emt 0:00:30]} 24. Ba7 {[%emt 0:00:30]} Bxd5 {[%emt 0:00:30]} 25. Bxb8 {[%emt 0:00:30]} Qxb8 {[%emt 0:00:30]} 26. exd5 {[%emt 0:00:30]} e4 {[%emt 0:00:30]} 27. Nd4 {[%emt 0:00:30]} Qc8 {[%emt 0:00:30]} 28. f3 {[%emt 0:00:30]} f5 {[%emt 0:00:30]} 29. fxe4 {[%emt 0:00:30]} fxe4 {[%emt 0:00:30]} 30. Ne6 {[%emt 0:00:30]} Qb7 {[%emt 0:00:30]} 31. b3 {[%emt 0:00:30]} Nd2 {[%emt 0:00:30]} 32. Qd1 {[%emt 0:00:30]} Qxd5 {[%emt 0:00:30]} 33. Nf4 {[%emt 0:00:30]} Qc5+ {[%emt 0:00:30]} 34. Kh1 {[%emt 0:00:30]} e3 {[%emt 0:00:30]} 35. Nxd3 {[%emt 0:00:30]} Qxc3 {[%emt 0:00:30]} 36. Qh5 {[%emt 0:00:30]} Qc6 {[%emt 0:00:30]} 37. Nb4 {[%emt 0:00:30]} Qe4 {[%emt 0:00:30]} 38. Qd5+ {[%emt 0:00:30]} Kh7 39. Qxb5 {[%emt 0:00:30]} Nxb3 {[%emt 0:01:00]} 40. Ra3 {[%emt 0:00:30]} Nd4 {[%emt 0:00:30]} 41. Raxe3 {[%emt 0:00:30]} Nxb5 {[%emt 0:00:30]} 42. Rxe4 {[%emt 0:00:30]} Rxe4 {[%emt 0:00:30]} 43. Rxe4 {[%emt 0:00:30]} Nc7 {[%emt 0:00:30]} 44. Rc4 {[%emt 0:00:30]} Ne6 {[%emt 0:00:30]} 45. Kg1 {[%emt 0:00:30]} Kg6 {[%emt 0:00:30]} 46. Kf2 {[%emt 0:00:30]} Kf5 {[%emt 0:00:30]} 47. Ke3 {[%emt 0:00:30]} h5 {[%emt 0:00:30]} 48. Nd3 {[%emt 0:00:30]} g6 {[%emt 0:00:30]} 49. Ra4 {[%emt 0:00:30]} Bh6+ {[%emt 0:00:30]} 50. Kf3 {[%emt 0:00:30]} Ng5+ {[%emt 0:00:30]} 51. Ke2 {[%emt 0:00:30]} Ne6 {[%emt 0:00:30]} 52. Ra6 {[%emt 0:00:30]} Bf8 {[%emt 0:00:30]} 53. Ke3 {[%emt 0:00:30]} Bh6+ {[%emt 0:00:30]} 54. Kf3 {[%emt 0:00:30]} Nd4+ {[%emt 0:00:30]} 55. Kf2 {[%emt 0:00:30]} Bf8 {[%emt 0:00:30]} 56. Ke3 {[%emt 0:00:30]} Nc2+ {[%emt 0:00:30]} 57. Kd2 {[%emt 0:00:30]} Nd4 {[%emt 0:00:30]} 58. Ke3 {[%emt 0:00:30]} Nc2+ {[%emt 0:00:30]} 59. Kf2 {[%emt 0:00:30]} Nd4 {[%emt 0:00:30]} 60. Ra5+ {[%emt 0:00:30]} Ke4 {[%emt 0:00:30]} 61. Nb4 {[%emt 0:00:30]} Ne6 {[%emt 0:00:30]} 62. Nd5 {[%emt 0:00:30]} Bg7 {[%emt 0:00:30]} 63. Ne7 {[%emt 0:00:30]} Nf8 {[%emt 0:00:30]} 64. Ra4+ {[%emt 0:00:30]} Ke5 {[%emt 0:00:30]} 65. Ke3 {[%emt 0:00:30]} Bh6+ {[%emt 0:00:30]} 66. Kd3 {[%emt 0:00:30]} Bg5 {[%emt 0:00:30]} 67. Ra5+ {[%emt 0:00:30]} Kf6 {[%emt 0:00:30]} 68. Ng8+ {[%emt 0:00:30]} Kg7 {[%emt 0:00:30]} 69. Rxg5 {[%emt 0:00:30]} Kxg8 {[%emt 0:00:30]} 70. Rd5 {[%emt 0:00:30]} Kf7 {[%emt 0:00:30]} 71. Rxd6 {[%emt 0:00:30]} Ke7 {[%emt 0:00:30]} 72. Ra6 {[%emt 0:00:30]} Kf7 {[%emt 0:00:30]} 73. Ke4 {[%emt 0:00:30]} Kg7 {[%emt 0:00:30]} 74. Kf4 {[%emt 0:00:30]} Kh6 {[%emt 0:00:30]} 75. Ke5 {[%emt 0:00:30]} Nd7+ {[%emt 0:00:30]} 76. Kd6 {[%emt 0:00:30]} Nf6 {[%emt 0:00:30]} 77. Ke7 {[%emt 0:00:30]} Ne4 {[%emt 0:00:30]} 78. Kf7 {[%emt 0:00:30]} Ng5+ {[%emt 0:00:30]} 79. Kf8 {[%emt 0:00:30]} h4 {[%emt 0:00:30]} 80. Ra4 {[%emt 0:00:30]} Kh5 {[%emt 0:00:30]} 81. Ke7 {[%emt 0:00:30]} Nh7 {[%emt 0:00:30]} 82. Rg4 {[%emt 0:00:30]} Ng5 {[%emt 0:00:30]} 83. Kf6 {[%emt 0:00:30]} Nh7+ {[%emt 0:00:30]} 84. Kg7 {[%emt 0:00:30]} Ng5 {[%emt 0:00:30]} 85. Ra4 {[%emt 0:00:30]} Ne6+ {[%emt 0:00:30]} 86. Kf6 {[%emt 0:00:30]} Nf8 {[%emt 0:00:30]} 87. Ra6 {[%emt 0:00:30]} Nd7+ {[%emt 0:00:30]} 88. Ke7 {[%emt 0:00:30]} 1-0

[Event "Charlotte Open 2020"]
[Site "Charlotte"]
[Date "2020.01.04"]
[Round "5.16"]
[White "Fedorowicz, John"]
[Black "Paul, Justin"]
[Result "0-1"]
[WhiteElo "2430"]
[BlackElo "2270"]
[Annotator "TA"]
[PlyCount "58"]
[EventDate "2020.01.02"]
[EventType "swiss"]
[EventCountry "USA"]
[SourceTitle "playchess.com"]
[Source "ChessBase"]
[SourceQuality "1"]

{[%evp 27,122,-12,22,-16,-31,-30,22,14,30,17,17,26,34,0,27,18,44,14,0,14,7,6,10,-33,-29,-30,-33,-56,-25,-45,-21,-110,-75,-74,-81,-68,-36,-35,-51,-113,-52,-57,-57,-57,-57,-57,-57,-51,-41,-143,-132,-106,-33,-17,-17,-22,-16,-28,0,-4,0,-22,-21,-23,-22,-72,-46,-60,-83,-142,-143,-165,-151,-158,-162,-153,-161,-29952,-8485,-2377,-2355,-29961,-29965,-29965,-29966,-29966,-29967,-29967,-29968,-29964,-29962,-29963,-29961,-12833,-6099,-5069,0]} 1. e4 e5 2. Nf3 Nc6 3. Bb5 a6 4. Ba4 Nf6 5. O-O b5 6. Bb3 Be7 7. Re1 O-O 8. h3 Bb7 9. d3 d6 10. c3 Na5 (10... Re8 11. Nbd2 Bf8 12. Nf1 Na5 13. Bc2 {½-½ (14) Vovk,A (2638)-Vovk,Y (2611) Fagernes 2016}) 11. Bc2 c5 12. Nbd2 {[%cal Bb1d2,Bd2f1,Bf1g3][%mdl 32]} Re8 13. Nf1 Bf8 14. Ng3 g6 15. d4 {C92: Closed Ruy Lopez: 9...Be6, Karpov and Flohr-Zaitsev Variations} exd4 16. cxd4 Bg7 (16... cxd4 $142 17. Nxd4 Bg7) 17. d5 $11 {The position is equal.} Nd7 18. Rb1 Nc4 19. b3 $146 ({Predecessor:} 19. a4 b4 20. Bd3 Nce5 21. Nxe5 Bxe5 22. Nf1 a5 {½-½ (41) Bauduin,E (2251)-Ojas,K (2006) Barbera del Valles 2016}) 19... Nce5 20. Nh2 {Threatens to win with f4.} (20. Nd2 $5 {[%cal Rf2f4]}) 20... Qh4 21. Nhf1 c4 22. f4 Nd3 $1 {[%cal Rd3e1]} 23. Bxd3 cxd3 24. Qxd3 f5 25. Be3 Nc5 $1 $36 {[%cal Rc5d3][%mdl 2048] Black has some pressure.} 26. Bxc5 dxc5 27. exf5 Bd4+ 28. Kh2 Qxf4 {Hoping for ...Qf2!} 29. Qd2 (29. fxg6 $11 {keeps the balance.} Bxd5 30. gxh7+ Kh8 31. Qd2 Qxd2 32. Nxd2) 29... Qxd2 {Played: Qf4-d6} 0-1

[Event "Charlotte Open 2020"]
[Site "Charlotte"]
[Date "2020.01.04"]
[Round "5.17"]
[White "Kolay, Alex"]
[Black "Tsolakidou, Stavroula"]
[Result "0-1"]
[WhiteElo "2261"]
[BlackElo "2403"]
[Annotator "RC"]
[PlyCount "126"]
[EventDate "2020.01.02"]
[EventType "swiss"]
[EventCountry "USA"]
[SourceTitle "playchess.com"]
[Source "ChessBase"]
[SourceQuality "1"]
[TimeControl "6000+30"]

1. d4 {[%emt 1:40:30]} Nf6 {[%emt 1:40:30]} 2. c4 {[%emt 0:00:30]} e6 {[%emt 0:00:30]} 3. Nf3 {[%emt 0:00:30]} Bb4+ {[%emt 0:00:30]} 4. Nbd2 {[%emt 0:00:30]} d6 {[%emt 0:00:30]} 5. a3 {[%emt 0:00:30]} Bxd2+ {[%emt 0:00:30]} 6. Qxd2 {[%emt 0:00:30]} Nbd7 {[%emt 0:00:30]} 7. e3 {[%emt 0:00:30]} e5 {[%emt 0:00:30]} 8. Qc2 {[%emt 0:00:30]} Qe7 {[%emt 0:00:30]} 9. Be2 {[%emt 0:00:30]} O-O {[%emt 0:00:30]} 10. O-O {[%emt 0:00:30]} Re8 {[%emt 0:00:30]} 11. Re1 {[%emt 0:00:30]} c5 {[%emt 0:00:30]} 12. h3 {[%emt 0:00:30]} e4 {[%emt 0:00:30]} 13. Nh2 {[%emt 0:00:30]} Nf8 {[%emt 0:00:30]} 14. b4 {[%emt 0:00:30]} cxb4 {[%emt 0:00:30]} 15. axb4 {[%emt 0:00:30]} d5 {[%emt 0:00:30]} 16. c5 {[%emt 0:00:30]} h5 {[%emt 0:00:30]} 17. b5 {[%emt 0:00:30]} Qe6 {[%emt 0:00:30]} 18. Ba3 {[%emt 0:00:30]} Bd7 {[%emt 0:00:30]} 19. Rec1 {[%emt 0:00:30]} Rec8 {[%emt 0:00:30]} 20. Qd1 {[%emt 0:00:30]} Ng6 {[%emt 0:00:30]} 21. Ra2 {[%emt 0:00:30]} Nh4 {[%emt 0:00:30]} 22. Rac2 {[%emt 0:00:30]} g5 {[%emt 0:00:30]} 23. Bb4 {[%emt 0:00:30]} Kg7 {[%emt 0:00:30]} 24. Ra2 {[%emt 0:00:30]} Qf5 {[%emt 0:00:30]} 25. Rca1 {[%emt 0:00:30]} g4 {[%emt 0:00:30]} 26. Rxa7 Rxa7 {[%emt 0:00:30]} 27. Rxa7 gxh3 {[%emt 0:00:30]} 28. g3 {[%emt 0:01:30]} Nf3+ {[%emt 0:00:30]} 29. Bxf3 {[%emt 0:00:30]} exf3 {[%emt 0:00:30]} 30. Ra1 {[%emt 0:00:30]} h4 {[%emt 0:00:30]} 31. Qxf3 {[%emt 0:00:30]} Qg6 {[%emt 0:00:30]} 32. Qf4 {[%emt 0:00:30]} Bxb5 {[%emt 0:00:30]} 33. Qxh4 {[%emt 0:00:30]} Ra8 {[%emt 0:00:30]} 34. Rc1 {[%emt 0:00:30]} Bd7 {[%emt 0:00:30]} 35. Qf4 {[%emt 0:00:30]} Bf5 {[%emt 0:00:30]} 36. Be1 {[%emt 0:00:30]} Be4 {[%emt 0:00:30]} 37. f3 {[%emt 0:00:30]} Bd3 {[%emt 0:00:30]} 38. g4 {[%emt 0:00:30]} Ra2 {[%emt 0:00:30]} 39. Bh4 {[%emt 0:00:30]} Rg2+ {[%emt 0:00:30]} 40. Kh1 Ne4 {[%emt 0:00:30]} 41. Qe5+ {[%emt 0:01:00]} Kh7 {[%emt 0:00:30]} 42. Qxd5 {[%emt 0:00:30]} Rg3 {[%emt 0:00:30]} 43. Bxg3 {[%emt 0:00:30]} Nxg3+ {[%emt 0:00:30]} 44. Kg1 {[%emt 0:00:30]} Ne2+ {[%emt 0:00:30]} 45. Kf2 {[%emt 0:00:30]} Nxc1 {[%emt 0:00:30]} 46. Qxb7 {[%emt 0:00:30]} Qf6 {[%emt 0:00:30]} 47. Qc7 {[%emt 0:00:30]} Ne2 {[%emt 0:00:30]} 48. g5 {[%emt 0:00:30]} Qe6 {[%emt 0:00:30]} 49. Qa7 {[%emt 0:00:30]} Kg7 {[%emt 0:00:30]} 50. Qa3 {[%emt 0:00:30]} Qc4 {[%emt 0:00:30]} 51. Qb2 {[%emt 0:00:30]} Nc3 {[%emt 0:00:30]} 52. Kg3 {[%emt 0:00:30]} Bf5 {[%emt 0:00:30]} 53. Qd2 {[%emt 0:00:30]} Be6 {[%emt 0:00:30]} 54. Kf2 {[%emt 0:00:30]} Nb5 {[%emt 0:00:30]} 55. Qe2 {[%emt 0:00:30]} Qb4 {[%emt 0:00:30]} 56. Qc2 {[%emt 0:00:30]} Na3 {[%emt 0:00:30]} 57. Qc1 {[%emt 0:00:30]} Qb8 {[%emt 0:00:30]} 58. f4 {[%emt 0:00:30]} Qa8 {[%emt 0:00:30]} 59. c6 {[%emt 0:00:30]} Nc4 {[%emt 0:00:30]} 60. Qc3 {[%emt 0:00:30]} Qa2+ {[%emt 0:00:30]} 61. Ke1 {[%emt 0:00:30]} Bd5 {[%emt 0:00:30]} 62. e4 {[%emt 0:00:30]} Qxh2 {[%emt 0:00:30]} 63. exd5 {[%emt 0:00:30]} Qg2 {[%emt 0:00:30]} 0-1

[Event "Charlotte Open 2020"]
[Site "Charlotte"]
[Date "2020.01.04"]
[Round "5.18"]
[White "Moon, Benjamin"]
[Black "Ynojosa Aponte, Felix Jose"]
[Result "0-1"]
[WhiteElo "2237"]
[BlackElo "2403"]
[Annotator "TA"]
[PlyCount "72"]
[EventDate "2020.01.02"]
[EventType "swiss"]
[EventCountry "USA"]
[SourceTitle "playchess.com"]
[Source "ChessBase"]
[SourceQuality "1"]

{[%evp 9,72,-2,41,-19,-23,-21,-20,-22,-7,-21,-18,-18,3,-11,-18,-22,2,-68,-58,-80,-89,-154,-182,-174,-172,-105,-85,-160,-165,-172,-160,-257,-264,-392,-376,-395,-396,-368,-375,-516,-363,-354,-356,-355,-353,-340,-329,-360,-366,-425,-364,-456,-397,-492,-424,-570,-565,-549,-525,-947,-929,-879,-879,-651,-630]} 1. d4 Nf6 2. Bf4 c5 3. e3 d5 4. Nf3 Nc6 5. Nbd2 (5. Be2 cxd4 6. exd4 Bg4 7. c3 e6 8. Nbd2 Bd6 9. Ne5 Bxe2 10. Qxe2 O-O 11. O-O Qc7 12. Rfe1 Nd7 13. Nxd7 Qxd7 14. Bxd6 Qxd6 15. Nb3 Rab8 {½-½ (36) Carlsen,M (2861)-Ding,L (2805) Abidjan 2019}) 5... Nh5 6. Bg5 {D02: 1 d4 d5 2 Nf3 sidelines, including 2...Nf6 3 g3 and 2...Nf6 3 Bf4} (6. dxc5 $14 Nxf4 7. exf4) 6... h6 $11 7. Bh4 g5 8. Ne5 {The position is equal.} Nxe5 9. dxe5 Ng7 10. Bg3 Nf5 11. e4 $146 ({Predecessor:} 11. Qf3 Bg7 12. Bb5+ Kf8 {½-½ (52) Tang,A (2501)-Sarkar,J (2337) Reykjavik 2019}) 11... dxe4 12. Nxe4 Qb6 $36 {[%mdl 2048] Black has good play.} 13. Nc3 ({Better is} 13. Qd5 $11) 13... Bg7 $15 14. Bb5+ Kf8 15. f4 ({White should try} 15. Bc4) 15... Be6 16. O-O Rd8 17. Qe1 gxf4 18. Rxf4 (18. Bxf4 $142 Nd4 19. Ba4) 18... Nxg3 $17 19. hxg3 c4+ 20. Kh2 (20. Kh1 $17) 20... Qc7 $19 21. Qf1 (21. Qe2 {might work better.} Bxe5 22. Re4 Bxc3 23. Rxe6) 21... Bxe5 22. Bxc4 Bxf4 23. Bxe6 {Ne2 would now be nice for White.} Bxg3+ ({Not} 23... fxe6 24. Re1 $19) 24. Kh3 {[%csl Ge6][%cal Rf1f7] [#]} Qf4 25. Qxf4 Bxf4 26. Rf1 fxe6 27. Rxf4+ {[%mdl 4096] Endgame KRR-KRN} Ke8 28. Ra4 a6 29. Rb4 Rd7 30. g4 Kf7 31. Kh4 Rc8 {Black is clearly winning.} 32. g5 hxg5+ 33. Kxg5 b5 {[%cal Bb7b5,Bb5c4][%mdl 32]} 34. a4 Rc4 35. Rxc4 bxc4 36. Ne4 Rb7 {Accuracy: White = 25%, Black = 83%.} 0-1